| 000 | 00568nam a22002057a 4500 | ||
|---|---|---|---|
| 001 | BD-DhSAU 4626 | ||
| 003 | BD-DhSAU | ||
| 005 | 20150224140709.0 | ||
| 008 | 150224b1950 ii a||||r|||| 001 0 eng d | ||
| 040 | _aBD-DhSAU | ||
| 082 |
_222 _a581.15 _bSTV |
||
| 100 | _aJR, G Ledyard Stebbing | ||
| 245 |
_aVariation and evolution in plants / _cG Ledyard Stebbing JR |
||
| 260 |
_aCalcutta : _bOxford Book Co. , _cc1950. |
||
| 300 |
_a643 p. : _bill. ; _c24 cm. |
||
| 504 | _aIncludes index. | ||
| 590 | _aerfat | ||
| 650 | _aPlants. | ||
| 650 | _aVariation and evolution. | ||
| 942 |
_2ddc _cBOOK |
||
| 999 |
_c4626 _d4626 |
||